Komparácia proexportnej politiky Portugalska a Španielska bakalárska práca

Na minha lista:
Detalhes bibliográficos
Autor principal: Babincová, Veronika
Autor Corporativo: Obchodná fakulta EU. Katedra medzinárodného obchodu
Outros Autores: Svobodová, Valéria
Formato: Livro
Idioma:eslovaco
Publicado em: Bratislava 2013
Tags: Adicionar Tag
Sem tags, seja o primeiro a adicionar uma tag!

MARC

LEADER 00000nbm a2200000 4500
001 0171255
005 20161109112026.4
041 0 |a slo 
044 |a SK 
245 1 0 |a Komparácia proexportnej politiky Portugalska a Španielska  |b bakalárska práca  |c Veronika Babincová ; školiteľ: Valéria Svobodová 
264 1 |a Bratislava  |c 2013 
300 |a 45 s. 
100 1 |a Babincová, Veronika 
700 1 |a Svobodová, Valéria 
710 2 |a Obchodná fakulta EU. Katedra medzinárodného obchodu